| 000 | 01318nam0a22003371 4500 | ||
|---|---|---|---|
| 001 | rc\2229369 | ||
| 005 | 20110826164345.0 | ||
| 035 | _a(NLR Aleph) 006544750 | ||
| 090 |
_a6675249 _c6675249 |
||
| 100 | _a20110826d1978 |||y0rusy50 ca | ||
| 101 | 0 | _arus | |
| 102 | _aRU | ||
| 105 | _aa j ||||| | ||
| 200 | 1 |
_aТехнология строительного производства _e[Учебник для инж.-строит. вузов и строит. фак. _f[О.О. Литвинов, С.З. Альперович, Г.М. Батура и др.] _gПод ред. О.О. Литвинова |
|
| 205 | _a4-е изд., испр. | ||
| 210 |
_aКиев _cВища школа _d1978 |
||
| 215 |
_a455 с. _cил. _d25 |
||
| 300 | _aАвт. указаны на обороте тит. л. | ||
| 320 | _aБиблиогр.: с. 455 | ||
| 606 |
_aСтроительное дело _jУчебники и пособия _2psbo |
||
| 686 |
_aН6я73-1 _2rubbk |
||
| 701 | 1 |
_aАльперович _bС. З. |
|
| 701 | 1 |
_aБатура _bГ. М. |
|
| 701 | 1 |
_aЛитвинов _bО. О. _gОлимпий Олимпиевич _4340 |
|
| 801 | 0 |
_aRU _bNLR _gpsbo |
|
| 801 | 1 |
_aRU _bELAR _2rusmarc |
|
| 852 |
_aNLR _j78-7/1258 |
||
| 899 |
_aRuMoRGB _jБ 78-13/493 |
||
| 899 |
_aRuMoRGB _jБ 78-13/494 |
||
| 942 | _cBOOK | ||
| 980 | _aNB | ||